Tennis, pays par points ATP en 2026 - Statistiques

Statistiques générales
  • Ce quiz a été pris 55 fois
  • Le résultat moyen est 19 sur 28
Statistiques - réponses
Classement Points ATP Tournoi Pays % Correct
6 1750 3 Espagne
100%
2 3500 5 France
100%
8 1000(2500) 1(2) Italie
98%
1 6750 9 USA
98%
7 1250 3 Allemagne
93%
10 1000 1 Canada
91%
20 250 1 Argentine
89%
16 500 1 Brésil
87%
3 2750 3 Royaume-Uni
87%
4 2500 3 Australie
84%
16 500 1 Japon
82%
9 1000 3 Suisse
82%
5 2250 5 Chine
80%
20 250 1 Belgique
78%
20 250 1 Portugal
78%
12 750 2 Mexique
69%
12 750 2 Pays-Bas
64%
15 500 2 Suede
60%
12 750 2 Autriche
53%
20 250 1 Chili
53%
20 250 1 Maroc
51%
10 1000 1 Monaco
49%
20 250 1 Nouvelle-Zélande
44%
16 500 1 Qatar
44%
20 250 1 Roumanie
42%
20 250 1 Croatie
36%
20 250 1 Kazakhstan
27%
16 500 1 Emirats Arabe Unis
9%
Aucun quiz correspondant
Distribution des résultats
% des personnes avec chaque résultat
Percentile par nombre de réponses
Votre historique - résultats
Vous n’avez pas pris ce quiz